000 00886nam2a2200229 4500
001 rc\2645846
005 20260315042847.0
035 _a(NLR Aleph) 006953549
090 _a13562470
_c13562470
100 _a20110608d1927 u y0rusy50 ca
101 0 _arus
102 _aRU
105 _ay z |||||
200 1 _aПриговор
210 _d1927
461 0 _1001rc\2645844
_12001#$aДешевая библиотека журнала "Каторга и ссылка"$e1927$v№ 4
_95271582
_cМосква
_d1927-1928
_nизд-во Всесоюз. о-ва политкаторжан и ссыльно-поселенцев
_o1927
_tДешевая библиотека журнала "Каторга и ссылка"
_v№ 4
700 1 _aАнисимов
_bС.
_gСергей
801 0 _aRU
_bNLR
_gpsbo
801 1 _aRU
_bELAR
_2rusmarc
852 _aNLR
_j90/379
942 _cUNSPEC
980 _aNB